000 00880nam a2200277 i 4500
001 102265
003 ES-MaBCM
005 20241016135723.0
008 041110s1980 fra 000 0 fre d
021 _axx
035 _a(OCoLC)1365265752
035 _a(OCoLC)1365161206
040 _cES-MaBCM
041 0 _afre
043 _afra
100 1 _aChaumier, Jacques
_99565
245 1 0 _aTravail et méthodes du documentaliste
_cJacques Chaumier
260 _aParis :
_bEntreprise Moderne d'Édition et Librairies Techniques,
_c1980
300 _a1 v.
_c24 cm
440 0 _aFormation permanente en science humaines
_9104001
500 _aDos obras en el mismo volumen
505 2 _a[I]. Applications pratiques. - 49 p. - ISBN 2-7101-0289-7
505 0 _a[II]. Connaissance du problema. - 83 p. - ISBN 2-7111-0247-5
650 7 _aDocumentalista
_958435
942 _cBK
999 _c102265
_d102265